[Event "EU-ch 25th"]
[Site "Eforie Nord"]
[Date "2025.03.26"]
[Round "11"]
[White "Rodshtein, Maxim"]
[Black "Sargsyan, Shant"]
[Result "1-0"]
[WhiteElo "2623"]
[BlackElo "2666"]
[PlyCount "111"]
[EventDate "2025.03.15"]
[EventType "swiss"]
[EventRounds "11"]
[EventCountry "ROU"]
[SourceTitle "CB13_2025"]
[SourceDate "2025.03.26"]
[SourceVersion "1"]
[SourceVersionDate "2025.03.26"]
[SourceQuality "1"]

1. c4 Nf6 2. g3 e6 3. Bg2 d5 4. Nf3 Be7 5. 0-0 0-0 6. d4 dxc4 7. Qc2 a6 8. a4 Bd7 9. Qxc4 Bc6 10. Bf4 Bd6 11. Qc1 Nbd7 12. Re1 Nd5 13. Bd2 f5 14. Na3 Bxa4 15. e4 fxe4 16. Rxe4 Qf6 17. Qe1 Rae8 18. Ng5 Bc6 19. Nc4 h6 20. Nxe6 Rf7 21. Nc5 Rxe4 22. Nxe4 Qxd4 23. Na5 Ne5 24. Nxc6 bxc6 25. Rxa6 Bf8 26. Qb1 Nf3+ 27. Bxf3 Rxf3 28. Bc3 Nxc3 29. bxc3 Qd5 30. Qa2 Rf7 31. Qe2 Qb5 32. Ra2 Re7 33. Kg2 Qxe2 34. Rxe2 Re5 35. f4 Ra5 36. Rd2 Rd5 37. Kf3 h5 38. c4 Ra5 39. Rd8 Ra3+ 40. Ke2 Ra2+ 41. Ke3 Kf7 42. Ng5+ Ke7 43. Rc8 g6 44. Rxc7+ Kd6 45. Rf7 Be7 46. Rg7 Rxh2 47. Rxg6+ Kc5 48. Nf3 Rh3 49. Kf2 h4 50. gxh4 Rh1 51. Kg2 Ra1 52. h5 Kxc4 53. h6 Ra8 54. Ne5+ Kd5 55. h7 Rh8 56. Rh6 1-0